| 000 | 00462nam a2200145Ia 4500 | ||
|---|---|---|---|
| 008 | 230917s9999||||xx |||||||||||||| ||und|| | ||
| 040 |
_e49870 _aMAIN |
||
| 041 | _aEnglish | ||
| 082 | _a181.4 T136U | ||
| 100 | _aTaimni, I K | ||
| 245 | 0 | _aUltimate reality and realization: sivasutra with text in Sanskrit, translation in Roman, translation in English and commentary | |
| 260 |
_aMadras _bTheosophical Publishing _c1976 |
||
| 300 | _axiv, 215 p. | ||
| 942 | _cBK | ||
| 999 |
_c215455 _d215455 |
||